Escritos de derecho canónico
Gardado en:
| Autor Principal: | |
|---|---|
| Formato: | Libro |
| Idioma: | Lingua castelá |
| Publicado: |
Pamplona
Universidad de Navarra
1973
|
| Subjects: | |
| Tags: |
Engadir etiqueta
Sen Etiquetas, Sexa o primeiro en etiquetar este rexistro!
|
MARC
| LEADER | 00000nam a2200000 a 4500 | ||
|---|---|---|---|
| 001 | UCX2136 | ||
| 003 | CL-VaPUC | ||
| 008 | 910326e19730000SP |||||||||||||||||spa|d | ||
| 082 | 0 | 4 | |a 262.9 |b LOM |2 21 |
| 100 | |a Lombardía, Pedro |e autor |9 616428 | ||
| 245 | 1 | 0 | |a Escritos de derecho canónico |
| 300 | |a 2 v | ||
| 942 | |c BK | ||
| 945 | |d 19910326 00:00:00 |a aalvarez | ||
| 260 | |a Pamplona |b Universidad de Navarra |c 1973 | ||
| 650 | 7 | |a DERECHO CANONICO |2 CL-VaPUC |9 317957 | |
| 583 | |a last modification |c 19910326 00:00:00 |k Rodrigo Vera | ||
| 999 | |c 223220 |d 223218 | ||
| 952 | |0 0 |1 0 |4 0 |6 262_900000000000000_LOM_1973 |7 0 |8 A |9 218798 |a BIBTEO |b BIBTEO |d 2019-11-15 |h v.1 |i 2876116 |o 262.9 LOM 1973 |p 2876116 |r 2025-01-17 |w 2019-11-15 |y BK |k ICR | ||
| 952 | |0 0 |1 0 |4 0 |6 262_900000000000000_LOM_1973 |7 0 |8 A |9 218799 |a BIBTEO |b BIBTEO |d 2019-11-15 |h v.2 |i 2876124 |o 262.9 LOM 1973 |p 2876124 |r 2025-01-17 |w 2019-11-15 |y BK |k ICR | ||